[Event "USA-ch Qualifier"]
[Site "Tulsa"]
[Date "2008.03.29"]
[Round "5"]
[White "Chua, Alexander J"]
[Black "Hansen, Eric"]
[Result "1-0"]
[WhiteElo "2279"]
[BlackElo "2224"]
[PlyCount "87"]
[GameId "1166650420011008"]
[EventDate "2008.03.28"]
[EventType "swiss"]
[EventRounds "7"]
[EventCountry "USA"]
[SourceTitle "CBM 123 Extra"]
[Source "ChessBase"]
[SourceDate "2008.05.06"]
[SourceVersion "1"]
[SourceVersionDate "2008.05.06"]
[SourceQuality "1"]

1. d4 Nf6 2. c4 c5 3. e3 e6 4. Nf3 b6 5. Nc3 d6 6. Bd3 Be7 7. O-O O-O 8. h3 Bb7 9. d5 exd5 10. cxd5 Nbd7 11. e4 a6 12. a4 Re8 13. Bf4 Rc8 14. Nd2 Nf8 15. Bh2 Ng6 16. Re1 Nd7 17. f4 Bf6 18. Kh1 Bd4 19. Nc4 Nf6 20. Qb3 b5 21. axb5 Rb8 22. Nd2 Nh5 23. f5 Ne5 24. Qc2 Qh4 25. Ne2 Bxb2 26. Rab1 axb5 27. Bxb5 Rec8 28. Qxb2 Ba6 29. Nc3 Bxb5 30. Bxe5 dxe5 31. Nxb5 Nf4 32. Nf3 Qg3 33. Qd2 c4 34. Re3 Nd3 35. Rxd3 cxd3 36. Qxd3 Qf2 37. Nxe5 Rc2 38. Rg1 Rb2 39. Nd6 R2b3 40. Qf1 Qa2 41. Nc6 Ra8 42. f6 g6 43. Ne7+ Kf8 44. Qf4 1-0

[Event "Las Vegas National op"]
[Site "Las Vegas"]
[Date "2008.06.08"]
[Round "5"]
[White "Bradford, Joseph M"]
[Black "Hansen, Eric"]
[Result "1/2-1/2"]
[WhiteElo "2412"]
[BlackElo "2241"]
[PlyCount "83"]
[GameId "1166650595893248"]
[EventDate "2008.06.06"]
[EventType "swiss"]
[EventRounds "6"]
[EventCountry "USA"]
[SourceTitle "CBM 124 Extra"]
[Source "ChessBase"]
[SourceDate "2008.07.03"]
[SourceVersion "1"]
[SourceVersionDate "2008.07.03"]
[SourceQuality "1"]

1. Nf3 c5 2. c4 Nc6 3. Nc3 e5 4. g3 g6 5. Bg2 Bg7 6. d3 Nge7 7. O-O O-O 8. a3 a5 9. Rb1 d6 10. Bd2 h6 11. Ne1 Be6 12. Nd5 Bxd5 13. cxd5 Nb8 14. b4 axb4 15. axb4 Na6 16. Nc2 h5 17. Ne3 cxb4 18. Bxb4 b5 19. Bd2 Rb8 20. Nc2 Qd7 21. Nb4 Nxb4 22. Rxb4 Rfc8 23. Qb3 Rc7 24. Rb1 Rcb7 25. h4 Kh7 26. Kh2 Bh6 27. Bxh6 Kxh6 28. Qb2 Qf5 29. f4 Ng8 30. e4 Qf6 31. fxe5 Qxe5 32. d4 Qe7 33. e5 Kg7 34. Rc1 Nh6 35. Bh3 f6 36. e6 f5 37. Qd2 Ng8 38. Bg2 Nf6 39. Bf3 Rc7 40. Kg2 Rxc1 41. Qxc1 Qa7 42. Qc2 1/2-1/2

[Event "World op 36th"]
[Site "Philadelphia"]
[Date "2008.07.05"]
[Round "6"]
[White "Hansen, Eric"]
[Black "Khachiyan, Melikset"]
[Result "0-1"]
[WhiteElo "2268"]
[BlackElo "2504"]
[PlyCount "74"]
[GameId "1166650668445696"]
[EventDate "2008.07.02"]
[EventType "swiss"]
[EventRounds "9"]
[EventCountry "USA"]
[SourceTitle "CBM 125 Extra"]
[Source "ChessBase"]
[SourceDate "2008.09.01"]
[SourceVersion "1"]
[SourceVersionDate "2008.09.01"]
[SourceQuality "1"]

1. e4 c5 2. Nf3 d6 3. d4 cxd4 4. Nxd4 Nf6 5. Nc3 g6 6. Be3 Bg7 7. f3 Nc6 8. Qd2 O-O 9. Bc4 Nxd4 10. Bxd4 Qa5 11. Bb3 Be6 12. Rd1 Nd7 13. O-O Bxd4+ 14. Qxd4 Qc5 15. Rfe1 Rfc8 16. Qxc5 Rxc5 17. Rd4 Rac8 18. Re3 Ne5 19. Rb4 b6 20. Ra4 Nc6 21. Nd5 Kf8 22. Ra6 Rb8 23. Nc7 Bc8 24. Bd5 Bb7 25. Raa3 Nb4 26. Rac3 Nxc2 27. Rxc5 dxc5 28. Rc3 Nd4 29. Bc4 Bc6 30. Nd5 Bxd5 31. exd5 Ke8 32. a4 Kd7 33. Kf2 Kd6 34. f4 h5 35. Kg3 a6 36. Bxa6 Ra8 37. Bd3 Rxa4 0-1

[Event "World op 36th"]
[Site "Philadelphia"]
[Date "2008.07.06"]
[Round "9"]
[White "Hansen, Eric"]
[Black "Almeida, Augusto Artur"]
[Result "1-0"]
[WhiteElo "2268"]
[BlackElo "1753"]
[PlyCount "59"]
[GameId "1166650668711936"]
[EventDate "2008.07.02"]
[EventType "swiss"]
[EventRounds "9"]
[EventCountry "USA"]
[SourceTitle "CBM 125 Extra"]
[Source "ChessBase"]
[SourceDate "2008.09.01"]
[SourceVersion "1"]
[SourceVersionDate "2008.09.01"]
[SourceQuality "1"]

1. e4 c5 2. Nf3 d6 3. d4 cxd4 4. Nxd4 Nf6 5. Nc3 Nc6 6. Bg5 Bd7 7. Qd2 Nxd4 8. Qxd4 Qa5 9. f4 h6 10. Bxf6 gxf6 11. O-O-O Rc8 12. Kb1 Qc5 13. Qd2 Bg7 14. Be2 a6 15. Bf3 b5 16. Rhe1 Bc6 17. Ne2 f5 18. e5 dxe5 19. fxe5 Bxe5 20. Nc1 Bxf3 21. gxf3 Bf6 22. Nb3 Qc7 23. Qd3 Rg8 24. Rd2 Rd8 25. Qxf5 Rxd2 26. Nxd2 Rg5 27. Qxf6 Rd5 28. Qh8+ Kd7 29. Qxh6 Qa5 30. Re2 1-0

[Event "Wch U16"]
[Site "Vung Tau"]
[Date "2008.10.29"]
[Round "10"]
[White "Hansen, Eric"]
[Black "Shimanov, Aleksandr"]
[Result "1-0"]
[WhiteElo "2362"]
[BlackElo "2476"]
[PlyCount "75"]
[GameId "1166651176525824"]
[EventDate "2008.10.20"]
[EventType "swiss"]
[EventRounds "11"]
[EventCountry "VIE"]
[SourceTitle "EXT 2009"]
[Source "ChessBase"]
[SourceDate "2008.11.26"]
[SourceVersion "1"]
[SourceVersionDate "2008.11.26"]
[SourceQuality "1"]

1. e4 c6 2. d4 d5 3. Nc3 dxe4 4. Nxe4 Nd7 5. Ng5 Ngf6 6. Bd3 e6 7. N1f3 Bd6 8. Qe2 h6 9. Ne4 Nxe4 10. Qxe4 Qc7 11. Qg4 Kf8 12. O-O b6 13. b3 Bb7 14. Bb2 Nf6 15. Qh4 Nd5 16. Rad1 Nf4 17. g3 c5 18. gxf4 Bxf3 19. Qg3 Bxd1 20. dxc5 bxc5 21. Qxg7+ Ke7 22. Qf6+ Kd7 23. Bb5+ Kc8 24. Qxh8+ Kb7 25. Ba6+ Kxa6 26. Qxa8 Bxc2 27. Rc1 Bd3 28. Be5 Bb5 29. Qe4 Kb6 30. b4 Bxe5 31. bxc5+ Ka6 32. Qxe5 Qc8 33. Rc3 Bc6 34. Rb3 Qg8+ 35. Rg3 Qc8 36. Qb2 Qd7 37. Ra3+ Ba4 38. Qc2 1-0

[Event "North American op 18th"]
[Site "Las Vegas"]
[Date "2008.12.27"]
[Round "3"]
[White "Zierk, Steven C"]
[Black "Hansen, Eric"]
[Result "1/2-1/2"]
[WhiteElo "2240"]
[BlackElo "2362"]
[PlyCount "111"]
[GameId "1166651375435776"]
[EventDate "2008.12.26"]
[EventType "swiss"]
[EventRounds "7"]
[EventCountry "USA"]
[SourceTitle "CBM 127 Extra"]
[Source "ChessBase"]
[SourceDate "2009.01.08"]
[SourceVersion "2"]
[SourceVersionDate "2009.01.28"]
[SourceQuality "1"]

1. e4 c5 2. Nf3 d6 3. d4 cxd4 4. Nxd4 Nf6 5. Nc3 Bd7 6. Bc4 Nc6 7. O-O e6 8. Be3 a6 9. Qe2 Be7 10. Rad1 Qc7 11. f4 Rc8 12. Nxc6 Bxc6 13. Bd3 O-O 14. f5 exf5 15. Rxf5 Nd7 16. Qg4 Ne5 17. Qg3 b5 18. Bd4 b4 19. Nd5 Bxd5 20. exd5 g6 21. Rf2 Qb7 22. Bxe5 dxe5 23. d6 Bxd6 24. Bxg6 hxg6 25. Rxd6 Qa7 26. Qd3 a5 27. Kf1 Qe7 28. Rff6 Rcd8 29. Ke2 Rxd6 30. Qxd6 Qb7 31. Qc6 Qe7 32. Qd6 Qb7 33. Qc6 Qb8 34. Qd5 Kg7 35. Rd6 Qc7 36. Rc6 Qe7 37. Rc5 Re8 38. Rxa5 Qh4 39. h3 Qf4 40. a4 bxa3 41. Rxa3 Qc1 42. Rc3 Qxb2 43. Rc7 Rf8 44. Rc5 Re8 45. Rc7 Rf8 46. Kd3 Qa1 47. Kd2 Kg8 48. Re7 Qf1 49. Rxe5 Qf4+ 50. Kd3 Qf1+ 51. Kd2 Qf4+ 52. Ke1 Rb8 53. Ke2 Rc8 54. Qe4 Rxc2+ 55. Qxc2 Qxe5+ 56. Kf3 1/2-1/2

[Event "Western Class-ch 16th"]
[Site "Agoura Hills"]
[Date "2009.01.17"]
[Round "3"]
[White "Lee, Andy C"]
[Black "Hansen, Eric"]
[Result "0-1"]
[WhiteElo "2240"]
[BlackElo "2376"]
[PlyCount "52"]
[GameId "1166651459223552"]
[EventDate "2009.01.16"]
[EventType "swiss"]
[EventRounds "7"]
[EventCountry "USA"]
[SourceTitle "EXT 2013"]
[Source "ChessBase"]
[SourceDate "2012.11.22"]
[SourceVersion "1"]
[SourceVersionDate "2012.11.22"]
[SourceQuality "1"]

1. d4 c5 2. d5 e5 3. e4 d6 4. Be2 Be7 5. Nf3 Bg4 6. Nfd2 Bxe2 7. Qxe2 Bg5 8. Nc3 a6 9. a4 Ne7 10. h4 Bh6 11. g4 Bf4 12. h5 h6 13. Nc4 Bxc1 14. Rxc1 Qc7 15. f4 Nd7 16. fxe5 Nxe5 17. Nxe5 dxe5 18. Qc4 Nc8 19. b4 b6 20. b5 Nd6 21. Qe2 axb5 22. Nxb5 Nxb5 23. Qxb5+ Ke7 24. O-O f6 25. Rb1 Rhb8 26. Qc4 Qd7 0-1

[Event "Mesa Copper State op"]
[Site "Mesa"]
[Date "2009.05.29"]
[Round "2"]
[White "Boor, Carl Brandon"]
[Black "Hansen, Eric"]
[Result "1/2-1/2"]
[WhiteElo "2291"]
[BlackElo "2398"]
[PlyCount "79"]
[GameId "1166651867353088"]
[EventDate "2009.05.29"]
[EventType "swiss"]
[EventRounds "10"]
[EventCountry "USA"]
[SourceTitle "CBM 130 Extra"]
[Source "ChessBase"]
[SourceDate "2009.07.02"]
[SourceVersion "2"]
[SourceVersionDate "2009.07.15"]
[SourceQuality "1"]

1. d4 d5 2. Nf3 Nf6 3. c4 c6 4. Nbd2 e6 5. g3 Nbd7 6. Bg2 Be7 7. O-O O-O 8. Qc2 b6 9. e4 dxe4 10. Nxe4 Bb7 11. Rd1 Qc8 12. Nxf6+ Nxf6 13. c5 Nd5 14. Bg5 f6 15. Bd2 bxc5 16. dxc5 e5 17. Nh4 f5 18. Nf3 Bf6 19. Bc3 Re8 20. Re1 e4 21. Nd4 g6 22. f3 exf3 23. Bxf3 Qd7 24. Qb3 Qf7 25. Rad1 Nxc3 26. bxc3 Rxe1+ 27. Rxe1 Rc8 28. Re6 Bxd4+ 29. cxd4 Kf8 30. Kf2 Rc7 31. d5 cxd5 32. Bxd5 Bxd5 33. Qxd5 Re7 34. Qd8+ Qe8 35. Qxe8+ Kxe8 36. Rxe7+ Kxe7 37. Ke3 Ke6 38. Kd4 a5 39. h4 a4 40. Kc4 1/2-1/2

[Event "Mesa Copper State op"]
[Site "Mesa"]
[Date "2009.06.01"]
[Round "6"]
[White "Cardona Oramas, Liulia Maria"]
[Black "Hansen, Eric"]
[Result "0-1"]
[WhiteElo "2035"]
[BlackElo "2398"]
[PlyCount "88"]
[GameId "1166651867602944"]
[EventDate "2009.05.29"]
[EventType "swiss"]
[EventRounds "10"]
[EventCountry "USA"]
[SourceTitle "CBM 130 Extra"]
[Source "ChessBase"]
[SourceDate "2009.07.02"]
[SourceVersion "2"]
[SourceVersionDate "2009.07.15"]
[SourceQuality "1"]

1. e4 c5 2. b3 d6 3. Bb2 Nf6 4. Nc3 Nc6 5. Bb5 Bd7 6. f4 a6 7. Bxc6 Bxc6 8. d3 d5 9. exd5 Nxd5 10. Nxd5 Qxd5 11. Nf3 O-O-O 12. O-O e6 13. Qe2 f6 14. Rae1 Re8 15. d4 cxd4 16. Bxd4 Bd6 17. Be3 Bc7 18. Nd4 Bd7 19. c4 Qa5 20. b4 Qxb4 21. Rb1 Qa4 22. Nb3 Bc6 23. Nc5 Qa5 24. Rb3 Bd6 25. Qf2 Qc7 26. Rfb1 Bxc5 27. Bxc5 e5 28. Be3 Qd7 29. Bb6 exf4 30. Qxf4 Re4 31. Qf1 Qe6 32. Rd1 Ba4 33. Qf2 Bxb3 34. axb3 Re5 35. h3 Re8 36. Kh2 Re2 37. Qc5+ Qc6 38. Qg1 f5 39. Rd5 R2e5 40. Rd3 R5e6 41. c5 Re2 42. Qf1 Qe4 43. Rf3 Qe5+ 44. Rg3 Re3 0-1

[Event "World op 37th"]
[Site "Philadelphia"]
[Date "2009.06.30"]
[Round "2"]
[White "Hansen, Eric"]
[Black "Bradford, Joseph M"]
[Result "1-0"]
[WhiteElo "2398"]
[BlackElo "2419"]
[PlyCount "101"]
[GameId "1166651978891264"]
[EventDate "2009.06.29"]
[EventType "swiss"]
[EventRounds "9"]
[EventCountry "USA"]
[SourceTitle "CBM 131 Extra"]
[Source "ChessBase"]
[SourceDate "2009.09.03"]
[SourceVersion "2"]
[SourceVersionDate "2009.09.16"]
[SourceQuality "1"]

1. d4 Nf6 2. Nf3 e6 3. c4 b6 4. a3 Bb7 5. Nc3 d5 6. cxd5 Nxd5 7. Qc2 Be7 8. e4 Nxc3 9. bxc3 Nd7 10. Bd3 c5 11. O-O O-O 12. Qe2 Qc7 13. a4 Rfe8 14. Rd1 Rac8 15. a5 h6 16. axb6 axb6 17. Bb5 Red8 18. d5 exd5 19. exd5 Bd6 20. c4 Ra8 21. Bb2 Nf8 22. Ne5 f6 23. Nf3 Rxa1 24. Rxa1 Bc8 25. Ra8 Bf5 26. Rxd8 Qxd8 27. Nh4 Bh7 28. g3 Qe7 29. Kf1 Qxe2+ 30. Kxe2 Kf7 31. Ng2 Ng6 32. Ne3 Ne7 33. Bd7 h5 34. f4 Be4 35. f5 g6 36. Be6+ Kg7 37. fxg6 Kxg6 38. Kf2 f5 39. Ng2 Bd3 40. Nh4+ Kg5 41. Nf3+ Kg4 42. Be5 Bxc4 43. Bxd6 Bxd5 44. Bxe7 Bxe6 45. h3+ Kxh3 46. Ng5+ Kg4 47. Nxe6 c4 48. Bh4 c3 49. Ke3 b5 50. Kd3 b4 51. Nf4 1-0

[Event "World op 37th"]
[Site "Philadelphia"]
[Date "2009.07.01"]
[Round "3"]
[White "Smith, Bryan G"]
[Black "Hansen, Eric"]
[Result "1/2-1/2"]
[WhiteElo "2474"]
[BlackElo "2398"]
[PlyCount "98"]
[GameId "1166651978997760"]
[EventDate "2009.06.29"]
[EventType "swiss"]
[EventRounds "9"]
[EventCountry "USA"]
[SourceTitle "CBM 131 Extra"]
[Source "ChessBase"]
[SourceDate "2009.09.03"]
[SourceVersion "2"]
[SourceVersionDate "2009.09.16"]
[SourceQuality "1"]

1. e4 c5 2. Nf3 Nc6 3. Bb5 g6 4. Bxc6 dxc6 5. d3 Bg7 6. h3 Nf6 7. Nc3 Nd7 8. Be3 e5 9. Qd2 Qe7 10. Bh6 Bxh6 11. Qxh6 Qf8 12. Qe3 Qd6 13. Nd2 Nf8 14. Nc4 Qe7 15. O-O-O b5 16. Na5 Ne6 17. Nxc6 Qc7 18. Qg3 Qxc6 19. Qxe5 f6 20. Qxf6 Rf8 21. Qh4 Rf7 22. Nd5 Nc7 23. Rhe1 Bb7 24. f4 Qd6 25. Nxc7+ Qxc7 26. f5 Qe7 27. Qg4 Rg7 28. Qf4 Qc7 29. Qh4 Qe5 30. Kb1 b4 31. Rf1 Kd7 32. fxg6 hxg6 33. Rf6 Kc7 34. Qf2 Rd8 35. Rf1 Rd6 36. Rxd6 Qxd6 37. Qh4 Qe7 38. Qxe7+ Rxe7 39. Rf6 Rg7 40. h4 Rh7 41. Rxg6 Rxh4 42. Rg7+ Kb6 43. b3 Bc8 44. Rg6+ Kc7 45. Rg5 Kd6 46. Rd5+ Kc6 47. d4 cxd4 48. Rxd4 a5 49. a3 bxa3 1/2-1/2

[Event "Wch U18"]
[Site "Kemer"]
[Date "2009.11.20"]
[Round "9"]
[White "Hansen, Eric"]
[Black "Kaminski, Victor Kazimierz"]
[Result "1/2-1/2"]
[WhiteElo "2409"]
[BlackElo "2235"]
[PlyCount "80"]
[GameId "1166652640456704"]
[EventDate "2009.11.12"]
[EventType "swiss"]
[EventRounds "11"]
[EventCountry "TUR"]
[SourceTitle "EXT 2010"]
[Source "ChessBase"]
[SourceDate "2009.11.30"]
[SourceVersion "1"]
[SourceVersionDate "2009.11.30"]
[SourceQuality "1"]

1. d4 Nf6 2. c4 e6 3. Nf3 b6 4. g3 Bb7 5. Bg2 Be7 6. Nc3 Ne4 7. Bd2 O-O 8. O-O Bf6 9. Rc1 c5 10. d5 exd5 11. cxd5 Nxd2 12. Nxd2 d6 13. Qc2 Na6 14. Nc4 Nc7 15. Rfd1 Ba6 16. b3 Re8 17. Ne4 Be7 18. b4 Bxc4 19. Qxc4 b5 20. Qc2 c4 21. a4 a6 22. a5 f5 23. Nc3 g6 24. e4 Bf6 25. exf5 Bxc3 26. Qxc3 gxf5 27. Qd4 Re5 28. Re1 Qf6 29. Rxe5 dxe5 30. Qb6 Qxb6 31. axb6 Ne8 32. Ra1 Nd6 33. f4 exf4 34. gxf4 c3 35. Kf2 a5 36. b7 Nxb7 37. d6 Ra7 38. Bxb7 Rxb7 39. Rxa5 c2 40. Ra8+ Kg7 1/2-1/2

[Event "Las Vegas National op"]
[Site "Las Vegas"]
[Date "2010.06.13"]
[Round "5"]
[White "Haessel, Dale"]
[Black "Hansen, Eric"]
[Result "1-0"]
[WhiteElo "2207"]
[BlackElo "2410"]
[PlyCount "111"]
[GameId "1166653161283584"]
[EventDate "2010.06.11"]
[EventType "swiss"]
[EventRounds "6"]
[EventCountry "USA"]
[SourceTitle "CBM 136 Extra"]
[Source "ChessBase"]
[SourceDate "2010.07.02"]
[SourceVersion "2"]
[SourceVersionDate "2010.07.15"]
[SourceQuality "1"]

1. d4 c5 2. d5 e5 3. c4 d6 4. Nc3 Be7 5. g3 h5 6. h4 Nh6 7. e4 g6 8. Bd3 Kf8 9. a3 Kg7 10. b4 Nd7 11. Nge2 a5 12. b5 Nf6 13. f3 Nh7 14. Be3 f5 15. Qd2 f4 16. gxf4 Bxh4+ 17. Kd1 exf4 18. Nxf4 Nf7 19. Qg2 Ne5 20. Kc2 Nf8 21. Rag1 Kf7 22. Be2 Bf6 23. Kb3 a4+ 24. Kc2 Qe7 25. Nh3 Ke8 26. Nf2 Nf7 27. f4 Bd4 28. Bxd4 cxd4 29. Nb1 Bd7 30. Nd2 Rc8 31. Kb1 Nh6 32. Nd3 Ng4 33. Bxg4 Bxg4 34. Qf2 Qf6 35. Rc1 Nd7 36. Rhe1 Rf8 37. e5 dxe5 38. Qxd4 Bf5 39. fxe5 Qb6 40. Qe3 Qxe3 41. Rxe3 Nc5 42. Kc2 g5 43. Kc3 Bxd3 44. Rxd3 Nxd3 45. Kxd3 b6 46. Ne4 Ke7 47. Kd4 g4 48. c5 bxc5+ 49. Nxc5 g3 50. d6+ Kf7 51. e6+ Kf6 52. e7 Rg8 53. Rf1+ Kg5 54. d7 Ra8 55. Ne4+ Kg6 56. Nxg3 1-0

[Event "FIDE World Cup"]
[Site "Khanty-Mansiysk"]
[Date "2011.08.29"]
[Round "1.2"]
[White "Gashimov, Vugar"]
[Black "Hansen, Eric"]
[Result "1-0"]
[WhiteElo "2760"]
[BlackElo "2449"]
[PlyCount "49"]
[GameId "1166654710853632"]
[EventDate "2011.08.28"]
[EventType "k.o."]
[EventRounds "7"]
[EventCountry "RUS"]
[SourceTitle "CBM 145"]
[Source "ChessBase"]
[SourceDate "2011.11.11"]
[SourceVersion "1"]
[SourceVersionDate "2011.11.11"]
[SourceQuality "1"]

1. d4 Nf6 2. c4 g6 3. Nc3 d5 4. cxd5 Nxd5 5. Bd2 Bg7 6. e4 Nb6 7. Be3 O-O 8. Bb5 Nc6 9. Nge2 Qd6 10. Rc1 Rd8 11. Bxc6 bxc6 12. b3 Ba6 13. e5 Qe6 14. Qc2 c5 15. Nf4 Qc6 16. Ne4 Bh6 17. Ne2 Bg7 18. f3 Nd5 19. Qxc5 Qb6 20. Bd2 f5 21. Ng5 Rd7 22. Qc6 Rad8 23. Qe6+ Qxe6 24. Nxe6 Bxe2 25. Nxd8 1-0

[Event "Richardson UTD GM 8th"]
[Site "Richardson"]
[Date "2011.12.16"]
[Round "2"]
[White "Hughes, Tyler B"]
[Black "Hansen, Eric"]
[Result "1-0"]
[WhiteElo "2295"]
[BlackElo "2447"]
[PlyCount "91"]
[GameId "1166655137902592"]
[EventDate "2011.12.15"]
[EventType "tourn"]
[EventRounds "9"]
[EventCountry "USA"]
[EventCategory "10"]
[SourceTitle "CBM 145 Extra"]
[Source "ChessBase"]
[SourceDate "2012.01.03"]
[SourceVersion "1"]
[SourceVersionDate "2012.01.03"]
[SourceQuality "1"]

1. d4 Nf6 2. c4 e6 3. Nc3 Bb4 4. f3 c5 5. d5 O-O 6. e4 Re8 7. Nge2 d6 8. Ng3 a6 9. Be2 exd5 10. cxd5 Nbd7 11. O-O Ne5 12. Bg5 h6 13. Bd2 Bd7 14. Qc1 c4 15. Kh1 b5 16. a4 Rc8 17. axb5 axb5 18. Ra6 Bc5 19. Be3 b4 20. Bxc5 Rxc5 21. Nd1 Bc8 22. Ra8 Qc7 23. Ne3 g6 24. Nc2 Kh7 25. Qf4 Ng8 26. Rfa1 Re7 27. h3 b3 28. Nd4 Qb6 29. Nc6 Rc7 30. Rb8 R5xc6 31. Rxb6 Rxb6 32. Qe3 Rc5 33. f4 Nd7 34. Bg4 Ngf6 35. Bxd7 Nxd7 36. Ne2 Rc7 37. Qd4 Rbb7 38. Nc3 Nc5 39. Qxc4 f5 40. Nb5 fxe4 41. Nxc7 Rxc7 42. Ra8 Re7 43. Rxc8 e3 44. Qe2 Nd3 45. Qxd3 e2 46. Rc1 1-0

[Event "Richardson UTD GM 8th"]
[Site "Richardson"]
[Date "2011.12.20"]
[Round "9"]
[White "Hansen, Eric"]
[Black "Sadorra, Julio Catalino"]
[Result "0-1"]
[WhiteElo "2447"]
[BlackElo "2506"]
[PlyCount "46"]
[GameId "1166655138045952"]
[EventDate "2011.12.15"]
[EventType "tourn"]
[EventRounds "9"]
[EventCountry "USA"]
[EventCategory "10"]
[SourceTitle "CBM 145 Extra"]
[Source "ChessBase"]
[SourceDate "2012.01.03"]
[SourceVersion "1"]
[SourceVersionDate "2012.01.03"]
[SourceQuality "1"]

1. d4 Nf6 2. c4 e6 3. Nc3 d5 4. Nf3 Bb4 5. Qa4+ Nc6 6. a3 Bxc3+ 7. bxc3 Ne4 8. Qc2 Na5 9. e3 b6 10. cxd5 exd5 11. c4 Bf5 12. Qa4+ c6 13. Bd2 Nxd2 14. Nxd2 O-O 15. Be2 Nxc4 16. Bxc4 dxc4 17. Qxc4 c5 18. d5 Qg5 19. g3 Rad8 20. f4 Qg6 21. Kf2 Bd3 22. Qa2 Qh5 23. Nf3 Be4 0-1

[Event "Stillwater Hanken Winter op 3rd"]
[Site "Stillwater"]
[Date "2012.02.19"]
[Round "4"]
[White "Patton, Thomas A"]
[Black "Hansen, Eric"]
[Result "0-1"]
[WhiteElo "2076"]
[BlackElo "2446"]
[PlyCount "64"]
[GameId "1166655298404352"]
[EventDate "2012.02.18"]
[EventType "swiss"]
[EventRounds "8"]
[EventCountry "USA"]
[SourceTitle "CBM 147 Extra"]
[Source "ChessBase"]
[SourceDate "2012.04.24"]
[SourceVersion "1"]
[SourceVersionDate "2012.04.24"]
[SourceQuality "1"]

1. d4 c5 2. Nf3 Nf6 3. g3 cxd4 4. Nxd4 Nc6 5. Bg2 Qb6 6. Nb3 d6 7. O-O g6 8. Bg5 Bg7 9. Nc3 Be6 10. Bxf6 Bxf6 11. Ne4 Bg7 12. Rc1 a5 13. c4 a4 14. c5 Qb4 15. Nbd2 Bxb2 16. cxd6 Bxc1 17. Qxc1 O-O 18. dxe7 Qxe7 19. Qa1 f5 20. Nc3 Rfd8 21. Qc1 a3 22. Nf3 Rac8 23. Qe3 Bf7 24. Qxe7 Nxe7 25. Nb5 Ra8 26. Ng5 Ra5 27. Nxf7 Kxf7 28. Rb1 Rd2 29. Nc3 Rb2 30. Rd1 b5 31. Rd7 b4 32. Nd1 Rxa2 0-1

[Event "Chicago op 21st"]
[Site "Wheeling"]
[Date "2012.05.24"]
[Round "1"]
[White "Hendrickson, Nolan"]
[Black "Hansen, Eric"]
[Result "0-1"]
[WhiteElo "2141"]
[BlackElo "2454"]
[PlyCount "56"]
[GameId "1166655558287360"]
[EventDate "2012.05.24"]
[EventType "swiss"]
[EventRounds "9"]
[EventCountry "USA"]
[SourceTitle "CBM 148 Extra"]
[Source "ChessBase"]
[SourceDate "2012.06.22"]
[SourceVersion "1"]
[SourceVersionDate "2012.06.22"]
[SourceQuality "1"]

1. e4 c5 2. Nc3 Nc6 3. f4 g6 4. Nf3 Bg7 5. Bb5 Nd4 6. O-O a6 7. Bc4 e6 8. Nxd4 cxd4 9. Ne2 d5 10. exd5 exd5 11. Bd3 Nh6 12. b3 O-O 13. Ng3 Bg4 14. Qe1 Re8 15. Qf2 Bd7 16. Bb2 Bb5 17. Bxb5 axb5 18. h3 Qb6 19. Rfe1 Qc5 20. Rxe8+ Rxe8 21. d3 Bf6 22. f5 Bh4 23. Qf4 g5 24. Qf3 Re3 25. Qh5 Rxg3 26. Rf1 Qxc2 27. Rf2 Qb1+ 28. Kh2 Rxd3 0-1

[Event "Chicago op 21st"]
[Site "Wheeling"]
[Date "2012.05.25"]
[Round "3"]
[White "Ardaman, Miles"]
[Black "Hansen, Eric"]
[Result "0-1"]
[WhiteElo "2252"]
[BlackElo "2454"]
[PlyCount "80"]
[GameId "1166655558393856"]
[EventDate "2012.05.24"]
[EventType "swiss"]
[EventRounds "9"]
[EventCountry "USA"]
[SourceTitle "CBM 148 Extra"]
[Source "ChessBase"]
[SourceDate "2012.06.22"]
[SourceVersion "1"]
[SourceVersionDate "2012.06.22"]
[SourceQuality "1"]

1. b4 e5 2. a3 d5 3. Bb2 Bd6 4. Nc3 c6 5. e4 Nf6 6. exd5 cxd5 7. Nb5 O-O 8. Ne2 Re8 9. Nxd6 Qxd6 10. Ng3 a5 11. Be2 d4 12. b5 Nbd7 13. Nf5 Qd5 14. O-O Nc5 15. Ng3 Be6 16. a4 Rac8 17. Ra3 Qd6 18. Re1 Nd5 19. Qa1 f6 20. h3 Nb4 21. Qb1 Nd5 22. Bg4 Qd7 23. Bxe6+ Nxe6 24. c3 dxc3 25. dxc3 Nb6 26. Bc1 Nc4 27. Ra2 Red8 28. Rae2 Qd3 29. Qa2 Kh8 30. Ne4 h6 31. f3 f5 32. Nd2 Nf4 33. Nxc4 Nxe2+ 34. Rxe2 Qxc4 35. Qc2 Rd3 36. Bd2 Rcd8 37. Be1 e4 38. fxe4 fxe4 39. Bf2 Rd1+ 40. Kh2 R8d3 0-1

[Event "Chicago op 21st"]
[Site "Wheeling"]
[Date "2012.05.26"]
[Round "4"]
[White "Hansen, Eric"]
[Black "Adamson, Robby"]
[Result "1/2-1/2"]
[WhiteElo "2454"]
[BlackElo "2322"]
[PlyCount "108"]
[GameId "1166655558504448"]
[EventDate "2012.05.24"]
[EventType "swiss"]
[EventRounds "9"]
[EventCountry "USA"]
[SourceTitle "CBM 148 Extra"]
[Source "ChessBase"]
[SourceDate "2012.06.22"]
[SourceVersion "1"]
[SourceVersionDate "2012.06.22"]
[SourceQuality "1"]

1. e4 c5 2. Nf3 d6 3. d4 cxd4 4. Nxd4 Nf6 5. Nc3 a6 6. Be2 e6 7. O-O Qc7 8. f4 Be7 9. Be3 Nc6 10. Kh1 O-O 11. Qe1 Nxd4 12. Bxd4 b5 13. a3 Bb7 14. Bd3 Bc6 15. Qg3 Qb7 16. b4 g6 17. Rae1 Nh5 18. Qf2 f5 19. exf5 exf5 20. Re6 Rf7 21. Rfe1 Bf8 22. Kg1 Bh6 23. g3 Bf8 24. Bf1 Rc8 25. R1e2 Rfc7 26. Rd2 Bd7 27. Bg2 Bc6 28. Bf1 Bd7 29. Re3 Bc6 30. Qe1 Re7 31. Rde2 Rxe3 32. Rxe3 Qf7 33. a4 Rb8 34. axb5 axb5 35. Qd2 Nf6 36. Bxf6 Qxf6 37. Bg2 Bxg2 38. Kxg2 Qf7 39. Nd5 Qg7 40. Re2 Qb7 41. Qd3 Rc8 42. h3 Rc4 43. Qf3 Kg7 44. c3 Rc8 45. Qd3 Kf7 46. Kh2 Ra8 47. g4 fxg4 48. hxg4 Ra1 49. Qd4 Bg7 50. Qe4 Qd7 51. Nb6 d5 52. Qd3 Qd8 53. Qxd5+ Qxd5 54. Nxd5 Rd1 1/2-1/2

[Event "Chicago op 21st"]
[Site "Wheeling"]
[Date "2012.05.27"]
[Round "6"]
[White "Hansen, Eric"]
[Black "Friedel, Joshua E"]
[Result "0-1"]
[WhiteElo "2454"]
[BlackElo "2499"]
[PlyCount "58"]
[GameId "1166655558684672"]
[EventDate "2012.05.24"]
[EventType "swiss"]
[EventRounds "9"]
[EventCountry "USA"]
[SourceTitle "CBM 148 Extra"]
[Source "ChessBase"]
[SourceDate "2012.06.22"]
[SourceVersion "1"]
[SourceVersionDate "2012.06.22"]
[SourceQuality "1"]

1. Nf3 Nf6 2. c4 e6 3. g3 d5 4. Bg2 Be7 5. O-O O-O 6. d4 dxc4 7. Qc2 b5 8. a4 b4 9. Bg5 Ba6 10. Nbd2 b3 11. Qc1 Nc6 12. Nxc4 Nb4 13. Bxf6 Bxf6 14. Qc3 Rb8 15. Qxb3 Nc6 16. Qc2 Nxd4 17. Nxd4 Qxd4 18. Rac1 Rb4 19. b3 Bxc4 20. bxc4 Rb2 21. Qd1 Rd2 22. Qb3 Rxe2 23. Qb5 Rd8 24. c5 Qb2 25. Rcd1 Qxb5 26. Rxd8+ Bxd8 27. axb5 Be7 28. Rd1 g5 29. Rc1 Re5 0-1